00466nam a2200193 a 4500001001300000003000900013005001700022008003800039020001000077082001500087100002200102245003400124260001300158300000900171500003500180505001000215650002500225700002200250nice12345678IN_TiNIC20260116011623.0050524s1896 a grp 000 0 per  ac10000a297.5bBAS aBasri, Abul Hasan aKitab Adab-Ud-Duniya Wad Deen abc1896 a240p aincludes index and biblioraphy2 aIndex aIslam-Moral Theology1 aBasri, Abul Hasan